Language Quiz

Random Language or Letter Quiz
Score 0/10 Timer 02:00
2 Plays Today
Clue G-Word % Correct
Slang for $1000G
100%
A game of black and white stones played on a 19 x 19 gridgo
92.9%
The highest level of rank in the U.S. Armygeneral
91.7%
A rodent that is most heeded on February secondgroundhog
81%
One of the seven deadly sinsgluttony
79.1%
The branch of medicine that deals with the reproductive health of womengynecology
74.7%
A prank or trickgag
63.2%
A spiritual guide in Hindu traditionguru
60.6%
An evil that robs graves and feasts on corpsesghoul
54.8%
An agile tree-based ape of Southeast Asiagibbon
39.9%
Remove Ads.
Support Sporcle.
Get the best of Sporcle when you Go Orange. This ad-free experience offers more features, more stats, and more fun while also helping to support Sporcle. Thank you for becoming a member.

You're not logged in!

Compare scores with friends on all Sporcle quizzes.
OR
Log In

Sporcle TV

Today on Sporcle TV


Watch our educational content, quiz creation guides, and fun videos on Sporcle TV.

Show Comments

Extras

Top Quizzes Today


Score Distribution

Paid Content

Your Account Isn't Verified!

In order to create a playlist on Sporcle, you need to verify the email address you used during registration. Go to your Sporcle Settings to finish the process.

Report this User

Report this user for behavior that violates our Community Guidelines.

Details: